| 000 | 00760nam a22002055i 4500 | ||
|---|---|---|---|
| 001 | 169013 | ||
| 003 | ES-MaACL | ||
| 005 | 20250303063152.0 | ||
| 008 | 080724s1883 fr |||| | fre d | ||
| 080 | _a782.089.6 | ||
| 100 | 0 |
_aSaint-Saëns, Camille, _d1835-1921 _9101553 |
|
| 245 | 1 | 0 |
_aHenry VIII [ _hmúsica impresa] _b: opéra en 4 actes / _cpoème de Léonce Détroyat & Armand Silvestre. |
| 260 |
_aParis : _bDurand & Schoenewerk, _c[1883] |
||
| 300 |
_a1 partitura vocal (384 p.) ; _c28 cm. |
||
| 650 | 1 | 4 |
_aÓperas- _xPartituras vocales. _9137997 |
| 700 | 1 |
_aDétroyat, Léonce. _9138116 |
|
| 700 | 0 |
_aSilvestre, Armand. _9106436 |
|
| 852 | 4 |
_aES-MaACL _jL-29300 _9R.143686 _zBiblioteca Jacinto Martínez Lacalle |
|
| 999 |
_c169013 _d169013 |
||